000 00908nam a2200265Ia 4500
003 OSt
005 20221005062036.0
006 a|||||r|||| 00| 0
007 ta
008 221004b |||||||| |||| 00| 0 eng d
020 _a9780415642484 (hbk)
_c11741.25
024 _a22661
037 _b1014872-A, 27/03/2015, Atlantic Publisher & Dist. Pvt Ltd.
_cTextual
040 _aCRL
_cCRL
_beng
041 _2eng
_aeng
082 _aO111973:g, Q4
100 _aLee Rachel C. Ed.
_9601412
245 0 _aRoutledge companion to asian American and pacific islander literature
260 _aLondon
_bRoutledge UK
_c2014
300 _axv, 521p.
_ccm.
490 _aThe routledge companion to science fiction
650 _aENGLISH LITERATURE
942 _hO111973:g, Q4
_cTEXL
_2cc
999 _c969124
_d969124